Retos de las Fuerzas Armadas dominicanas en el uso de la fuerza en el marco de los derechos humanos : (Registro nro. 8623)
[ vista simple ]
| 000 -CABECERA | |
|---|---|
| campo de control de longitud fija | 03382nam a2200277 4500 |
| 003 - IDENTIFICADOR DEL NÚMERO DE CONTROL | |
| campo de control | DO-SdBJH |
| 005 - FECHA Y HORA DE LA ÚLTIMA TRANSACCIÓN | |
| campo de control | 20260330220352.0 |
| 008 - DATOS DE LONGITUD FIJA--INFORMACIÓN GENERAL | |
| campo de control de longitud fija | 260327b2025 |||d|||| |||| 00| 0 spa d |
| 040 ## - FUENTE DE LA CATALOGACIÓN | |
| Centro catalogador/agencia de origen | DO-SdBJH |
| Lengua de catalogación | spa |
| Centro/agencia transcriptor | DO-SdBJH |
| 041 0# - CÓDIGO DE LENGUA | |
| Código de lengua del texto/banda sonora o título independiente | spa |
| 090 ## - LOCALMENTE ASIGNADO TIPO-LC NÚMERO DE CLASIFICACIÓN (OCLC); NÚMERO DE CLASIFICACIÓN LOCAL (RLIN) | |
| Número de clasificación (OCLC) (R) ; Numero de clasificación, CALL (RLIN) (NR) | CT MA-DHIH 0015 |
| Número cutter local (OCLC) ; Número de libro/Signatura topográfica íntegra, CALL (RLIN) | EGDDHH 2025 |
| 100 1# - ENTRADA PRINCIPAL--NOMBRE DE PERSONA | |
| Nombre de persona | Martínez Milián, David Estuardo |
| Término indicativo de función/relación | sustentante |
| 245 10 - MENCIÓN DE TÍTULO | |
| Título | Retos de las Fuerzas Armadas dominicanas en el uso de la fuerza en el marco de los derechos humanos : |
| Resto del título | en el aspecto de seguridad ciudadana, período 2022-2023 / |
| Mención de responsabilidad, etc. | David Estuardo Martínez Milián, María Carolina Rodríguez Rodríguez ; asesor metodológico Johany Acevedo Cabrera ; asesor de contenido María Yolanda Escalante. |
| 260 ## - PUBLICACIÓN, DISTRIBUCIÓN, ETC. | |
| Lugar de publicación, distribución, etc. | Santo Domingo, República Dominicana : |
| Nombre del editor, distribuidor, etc. | UNADE, |
| Fecha de publicación, distribución, etc. | 2025. |
| 300 ## - DESCRIPCIÓN FÍSICA | |
| Extensión | xvii, 100 páginas : |
| Otras características físicas | gráficas. |
| 502 ## - NOTA DE TESIS | |
| Nota de tesis | Tesis y trabajo de grado (Maestría en Derechos Humanos y Derecho Internacional Humanitario)--Universidad Nacional para la Defensa "General Juan Pablo Duarte y Díez", Escuela de Graduados en Derechos Humanos y Derecho Internacional Humanitario, Santo Domingo, 2025. |
| 504 ## - NOTA DE BIBLIOGRAFÍA, ETC. | |
| Nota de bibliografía, etc. | Incluye referencias bibliográficas, apéndice y anexos. |
| 505 ## - NOTA DE CONTENIDO CON FORMATO | |
| Nota de contenido con formato | Marco legal del uso de las fuerza en apoyo a la seguridad ciudadana por parte de las Fuerzas Armadas Dominicanas -- Uso de la fuerza aplicada por las Fuerzas Armadas dominicanas en el marco de los derechos humanos en aspecto de seguridad ciudadana -- Implementación del uso de la fuerza por parte de las Fuerzas Armadas, en aspectos de seguridad ciudadana. |
| 520 ## - SUMARIO, ETC. | |
| Sumario, etc. | La presente investigación aborda el análisis de la participación de las Fuerzas Armadas dominicanas en operaciones conjuntas de seguridad ciudadana, poniendo especial énfasis en el uso de la fuerza, y su coherencia con el marco de los derechos humanos. El estudio se desarrollo mediante un enfoque cualitativo sustentado en la revisión documental y entrevistas aplicadas a expertos en derechos humanos, fiscales, representantes del sector justicia y miembros de la Fuerza de Tarea CIUTRAN. Los resultados obtenidos evidencian que la intervención militar ha sido un elemento clave para reforzar la seguridad en diferentes contextos sociales, contribuyendo a la reducción de hechos delictivos y al restablecimiento del orden publico. asimismo, se reconoció que la coordinación entre las Fuerzas Armadas y la Policía Nacional ha mejorado en los últimos años, aunque persisten dificultades derivadas de tensiones institucionales y falta de confianza plena. En conclusión la investigación plantea la necesidad de establecer protocolos claros, reforzar la profesionalización de las fuerzas de seguridad y fomentar el respeto ciudadano como eje central de la seguridad interna. De este modo, será posible garantizar un equilibrio adecuado entre la protección de los derechos fundamentales y la efectividad de las operación conjuntas de seguridad ciudadana. |
| 650 #7 - PUNTO DE ACCESO ADICIONAL DE MATERIA--TÉRMINO DE MATERIA | |
| Fuente del encabezamiento o término | lemb |
| Término de materia o nombre geográfico como elemento de entrada | Fuerzas Armadas |
| Subdivisión de forma | Tesis y disertaciones |
| Subdivisión general | Derechos humanos |
| -- | Uso de la fuerza |
| Subdivisión cronológica | 2022-2023 |
| Subdivisión geográfica | República Dominicana |
| 650 #7 - PUNTO DE ACCESO ADICIONAL DE MATERIA--TÉRMINO DE MATERIA | |
| Fuente del encabezamiento o término | lemb |
| Término de materia o nombre geográfico como elemento de entrada | Uso de la fuerza |
| Subdivisión de forma | Tesis y disertaciones. |
| Subdivisión general | Marco legal |
| -- | Seguridad ciudadana |
| Subdivisión cronológica | 2022-2023 |
| Subdivisión geográfica | República Dominicana |
| 700 1# - PUNTO DE ACCESO ADICIONAL--NOMBRE DE PERSONA | |
| Nombre de persona | Rodríguez Rodríguez, María Carolina |
| Término indicativo de función/relación | sustentante |
| 700 1# - PUNTO DE ACCESO ADICIONAL--NOMBRE DE PERSONA | |
| Nombre de persona | Acevedo Cabrera, Johany |
| Término indicativo de función/relación | asesor metodológico |
| 700 1# - PUNTO DE ACCESO ADICIONAL--NOMBRE DE PERSONA | |
| Nombre de persona | Escalante, María Yolanda |
| Término indicativo de función/relación | asesor de contenido |
| 942 ## - ELEMENTOS DE PUNTO DE ACCESO ADICIONAL (KOHA) | |
| Fuente del sistema de clasificación o colocación | Clasificación Local |
| Tipo de ítem Koha | Tesis |
No hay ítems disponibles.
